[Event "24. Int. Boeblinger Open"]
[Site "Boeblingen"]
[Date "2007.12.29"]
[Round "7.9"]
[White "Rezasade, Amir"]
[Black "Gheng, Josef"]
[Result "1/2-1/2"]
[WhiteElo "2231"]
[BlackElo "2310"]
[PlyCount "83"]
[EventDate "2007.??.??"]

1. Nf3 Nf6 2. g3 b6 3. Bg2 Bb7 4. O-O e6 5. c4 c5 6. Nc3 Be7 7. Re1 d5 8. cxd5
Nxd5 9. e4 Nb4 10. d4 cxd4 11. Nxd4 O-O 12. Be3 N8c6 13. Nxc6 Bxc6 14. Qb1 Qd3
15. Rd1 Qxb1 16. Raxb1 Rfd8 17. a3 Nc2 18. Bf4 Nd4 19. Be3 Nb3 20. Bf1 Bf6 21.
f3 Nd4 22. Kg2 Nc2 23. Bf2 Bxc3 24. bxc3 Rxd1 25. Rxd1 Nxa3 26. Ra1 Nb5 27.
Bxb5 Bxb5 28. Bxb6 a6 29. Rd1 Kf8 30. Ba5 Ke7 31. Kf2 f6 32. Ke3 h5 33. h4 e5
34. Bb4+ Kf7 35. Ba5 Ke6 36. f4 Rc8 37. Bb4 Re8 38. fxe5 fxe5 39. Rd6+ Kf7 40.
Rd5 Kf6 41. Rd6+ Kf7 42. Rd5 1/2-1/2

[Event "24. Int. Boeblinger Open"]
[Site "Boeblingen"]
[Date "2007.12.29"]
[Round "7.10"]
[White "Mueller, Christian"]
[Black "Wigger, Jochen"]
[Result "1-0"]
[WhiteElo "2086"]
[BlackElo "2297"]
[PlyCount "79"]
[EventDate "2007.??.??"]

1. d4 d5 2. c4 dxc4 3. Nf3 Nf6 4. e3 Bg4 5. Bxc4 e6 6. O-O Nbd7 7. h3 Bh5 8.
Qe2 Bd6 9. e4 Bxf3 10. Qxf3 e5 11. Bg5 exd4 12. Bxf6 Qxf6 13. Qxf6 gxf6 14. f4
O-O 15. Nd2 Rfe8 16. a3 Re7 17. Rae1 Rae8 18. Bd3 Nc5 19. Bb1 b5 20. b4 Na4 21.
Bd3 Nc3 22. Nb3 a5 23. Nxa5 c5 24. bxc5 Bxc5 25. Nc6 Re6 26. Nb4 Ra8 27. Nd5
Rxa3 28. f5 Rd6 29. Nc7 b4 30. e5 fxe5 31. Rxe5 Bb6 32. f6 Rd8 33. Rfe1 Rf8 34.
Rg5+ Kh8 35. Rg7 Ne2+ 36. Rxe2 Rxd3 37. Rxf7 Rd1+ 38. Kh2 Rc8 39. Ree7 Bxc7+
40. Rxc7 1-0

[Event "24. Int. Boeblinger Open"]
[Site "Boeblingen"]
[Date "2007.12.29"]
[Round "7.11"]
[White "Boehm, Martin"]
[Black "Bastian, Martin"]
[Result "0-1"]
[WhiteElo "2290"]
[BlackElo "2205"]
[PlyCount "56"]
[EventDate "2007.??.??"]

1. e4 c6 2. d4 d5 3. e5 Bf5 4. Nd2 e6 5. Nb3 Nd7 6. Be3 Ne7 7. Nf3 Ng6 8. Be2
Bg4 9. O-O Be7 10. h3 Bxf3 11. Bxf3 Rc8 12. Be2 Nh4 13. Qd2 Nf5 14. c4 dxc4 15.
Na5 b5 16. b4 Nxe3 17. fxe3 Nxe5 18. Qc3 Ng6 19. Bf3 Qb6 20. Bxc6+ Rxc6 21.
Nxc6 Qxc6 22. d5 Qxd5 23. Qxg7 Rf8 24. a4 Bxb4 25. axb5 Bc5 26. Rad1 Qe5 27.
Qxh7 Bd6 28. Rf3 c3 0-1

[Event "24. Int. Boeblinger Open"]
[Site "Boeblingen"]
[Date "2007.12.29"]
[Round "7.12"]
[White "Hitzler, Philipp"]
[Black "Bogenschuetze, Paul jr"]
[Result "1-0"]
[WhiteElo "2278"]
[BlackElo "2074"]
[PlyCount "41"]
[EventDate "2007.??.??"]

1. Nf3 Nf6 2. c4 e6 3. Nc3 d5 4. d4 Be7 5. Bg5 O-O 6. e3 Nbd7 7. Bd3 dxc4 8.
Bxc4 c5 9. O-O cxd4 10. exd4 Nb6 11. Bd3 Bd7 12. Ne5 Rc8 13. Qe2 Bc6 14. Rad1
Nbd5 15. Bb1 Qa5 16. Rd3 Nxc3 17. bxc3 Bb5 18. c4 Bc6 19. Rh3 g6 20. d5 Ba4 21.
dxe6 1-0

[Event "24. Int. Boeblinger Open"]
[Site "Boeblingen"]
[Date "2007.12.29"]
[Round "7.14"]
[White "Graf, Felix"]
[Black "Jelica, Mara"]
[Result "1-0"]
[WhiteElo "2241"]
[BlackElo "2175"]
[PlyCount "67"]
[EventDate "2007.??.??"]

1. d4 Nf6 2. c4 g6 3. Nc3 d5 4. cxd5 Nxd5 5. e4 Nxc3 6. bxc3 Bg7 7. Bc4 c5 8.
Be3 cxd4 9. cxd4 O-O 10. Ne2 Nc6 11. O-O b6 12. Rc1 Bb7 13. f3 e6 14. Qd2 Na5
15. Bd3 Rc8 16. Rxc8 Qxc8 17. Bh6 Ba6 18. Bxg7 Kxg7 19. Rc1 Qb7 20. d5 Bxd3 21.
Qxd3 exd5 22. exd5 Qd7 23. Ng3 Rd8 24. Qd4+ Kh6 25. Qh4+ Kg7 26. Qd4+ Kh6 27.
Qf6 Qxd5 28. Nf5+ Qxf5 29. Qxd8 Nb7 30. Qf8+ Kg5 31. Qe7+ Kh6 32. Qxb7 Qf4 33.
Qc8 Qe3+ 34. Kh1 1-0

[Event "24. Int. Boeblinger Open"]
[Site "Boeblingen"]
[Date "2007.12.29"]
[Round "7.15"]
[White "Beck, Frederik"]
[Black "Reyer, Ulli"]
[Result "1-0"]
[WhiteElo "2309"]
[BlackElo "2191"]
[PlyCount "43"]
[EventDate "2007.??.??"]

1. d4 d5 2. c4 Nc6 3. Nc3 dxc4 4. Nf3 Nf6 5. e4 Bg4 6. Be3 e6 7. Bxc4 Bb4 8.
Qc2 O-O 9. O-O-O Bxc3 10. bxc3 Qe7 11. h3 Bxf3 12. gxf3 Rab8 13. Bd3 g6 14. h4
h5 15. Kd2 e5 16. d5 Na5 17. c4 c6 18. Bxa7 Ra8 19. Be3 b5 20. cxb5 cxd5 21.
Bc5 Qd7 22. Bxf8 1-0

[Event "24. Int. Boeblinger Open"]
[Site "Boeblingen"]
[Date "2007.12.29"]
[Round "7.19"]
[White "Stuermer, Robin Gabriel"]
[Black "Schmitz, Thorsten"]
[Result "0-1"]
[WhiteElo "2171"]
[BlackElo "2256"]
[PlyCount "56"]
[EventDate "2007.??.??"]

1. e4 d5 2. Nc3 dxe4 3. Nxe4 Nf6 4. Bd3 Nc6 5. Nxf6+ exf6 6. b3 Ne5 7. Be2 Qd4
8. c3 Nd3+ 9. Bxd3 Qxd3 10. Qe2+ Qxe2+ 11. Nxe2 Bf5 12. d4 O-O-O 13. Be3 h5 14.
Rd1 h4 15. O-O a6 16. Rd2 Be7 17. Nf4 Rhe8 18. Nd3 g5 19. Re1 Bd6 20. d5 Ba3
21. c4 c6 22. Red1 cxd5 23. Bb6 Rd6 24. Bc5 Bxc5 25. Nxc5 d4 26. Kf1 h3 27.
Rxd4 Rxd4 28. Rxd4 Re1+ 0-1

[Event "24. Int. Boeblinger Open"]
[Site "Boeblingen"]
[Date "2007.12.29"]
[Round "7.20"]
[White "Strunski, Andreas"]
[Black "Haist, Winfried"]
[Result "0-1"]
[WhiteElo "2238"]
[BlackElo "2139"]
[PlyCount "90"]
[EventDate "2007.??.??"]

1. d4 Nf6 2. c4 g6 3. Nc3 Bg7 4. e4 O-O 5. Nge2 d6 6. Ng3 Nc6 7. d5 Ne5 8. f4
Ned7 9. Be2 c6 10. Be3 a6 11. O-O cxd5 12. cxd5 b5 13. Bf3 Nb6 14. Bd4 h5 15.
h3 Bh6 16. Nge2 Bb7 17. g4 g5 18. Rf2 h4 19. Qc1 Nh7 20. Be3 b4 21. fxg5 Bg7
22. g6 fxg6 23. Nd4 Ng5 24. Nce2 Nxh3+ 25. Kg2 Nxf2 26. Bxf2 e5 27. Ne6 Qf6 28.
Ng1 Rac8 29. Qe1 Rc2 30. Nxf8 Bxf8 31. Qxb4 Nc4 32. Qb3 Rxb2 33. Qxc4 Qf4 34.
Be2 a5 35. Rd1 Rb4 36. Qc7 Qxe4+ 37. Bf3 Qf4 38. Nh3 Qf6 39. Qc3 Ba6 40. a3 Ra4
41. Rd2 Bg7 42. Bd1 Rd4 43. Bxd4 Qf1+ 44. Kh2 exd4 45. Rxd4 Be5+ 0-1

[Event "24. Int. Boeblinger Open"]
[Site "Boeblingen"]
[Date "2007.12.29"]
[Round "7.23"]
[White "Hirneise, Jens"]
[Black "Wilke, Werner"]
[Result "1-0"]
[WhiteElo "2119"]
[BlackElo "2210"]
[PlyCount "63"]
[EventDate "2007.??.??"]

1. e4 c5 2. Nf3 d6 3. d4 cxd4 4. Nxd4 Nf6 5. Nc3 a6 6. Be3 Ng4 7. Bg5 h6 8. Bh4
g5 9. Bg3 Bg7 10. Be2 h5 11. Bxg4 hxg4 12. Nf5 Bxf5 13. exf5 Qa5 14. O-O Bxc3
15. bxc3 Qxf5 16. Re1 Nc6 17. Qxd6 Rd8 18. Qc7 Qc8 19. Qb6 O-O 20. Rab1 Rd7 21.
Qc5 f6 22. Qc4+ Kg7 23. Qxg4 Rd2 24. Qe4 Qd7 25. f4 f5 26. Qf3 g4 27. Qe3 Rd8
28. Re2 b5 29. Rbe1 Kf7 30. Rxd2 Qxd2 31. Qe6+ Kf8 32. Qxc6 1-0

[Event "24. Int. Boeblinger Open"]
[Site "Boeblingen"]
[Date "2007.12.29"]
[Round "7.24"]
[White "Hankel, Dennis"]
[Black "Hoffmann, Philipp"]
[Result "1-0"]
[WhiteElo "2193"]
[BlackElo "1518"]
[PlyCount "75"]
[EventDate "2007.??.??"]

1. e4 c6 2. d4 d5 3. Nd2 dxe4 4. Nxe4 Nf6 5. Nxf6+ exf6 6. Bc4 Qe7+ 7. Qe2 Be6
8. Bxe6 fxe6 9. Nf3 Nd7 10. O-O e5 11. dxe5 Nxe5 12. Nxe5 Qxe5 13. Qxe5+ fxe5
14. Re1 O-O-O 15. Bg5 Re8 16. Re4 Bd6 17. Rae1 Kd7 18. g4 Rhf8 19. Kg2 h6 20.
Bd2 Re7 21. R1e3 Bc5 22. Rd3+ Kc7 23. f3 Rd8 24. Rxd8 Kxd8 25. Bc3 Bd6 26. h4
g5 27. hxg5 hxg5 28. Bd2 Rg7 29. Kf2 Ke7 30. Re1 Kf6 31. Ke3 Bc5+ 32. Ke4 Rd7
33. Bc3 Bd4 34. Rd1 c5 35. Be1 Rh7 36. c3 Bg1 37. Bg3 Bh2 38. Rh1 1-0

[Event "24. Int. Boeblinger Open"]
[Site "Boeblingen"]
[Date "2007.12.29"]
[Round "6.1"]
[White "Fercec, Nenad"]
[Black "Dausch, Rene"]
[Result "1-0"]
[WhiteElo "2487"]
[BlackElo "2351"]
[PlyCount "82"]
[EventDate "2007.??.??"]

1. e4 c5 2. Nf3 Nc6 3. d4 cxd4 4. Nxd4 e5 5. Nb5 a6 6. Nd6+ Bxd6 7. Qxd6 Qf6 8.
Qc7 Nge7 9. Nc3 Nb4 10. Bd3 d5 11. O-O d4 12. Na4 Qc6 13. Qxc6+ Nexc6 14. Nb6
Rb8 15. Bd2 Be6 16. a3 Nxd3 17. cxd3 O-O 18. b4 f5 19. f3 fxe4 20. fxe4 Rxf1+
21. Rxf1 Rf8 22. Re1 Kf7 23. a4 Ke8 24. Rc1 Bg4 25. b5 axb5 26. axb5 Ne7 27.
Nc4 Ng6 28. h3 Be2 29. Nd6+ Ke7 30. Nxb7 Rb8 31. Rc7+ Kf6 32. b6 Bxd3 33. Nc5
Bb5 34. b7 Ne7 35. g4 h6 36. h4 g5 37. hxg5+ hxg5 38. Kf2 Bc6 39. Bb4 Kf7 40.
Ba5 Ke8 41. Bb6 Bxb7 1-0

[Event "24. Int. Boeblinger Open"]
[Site "Boeblingen"]
[Date "2007.12.29"]
[Round "6.3"]
[White "Gharamian, Tigran"]
[Black "Beck, Frederik"]
[Result "1-0"]
[WhiteElo "2557"]
[BlackElo "2309"]
[PlyCount "79"]
[EventDate "2007.??.??"]

1. e4 c5 2. Nf3 e6 3. d4 cxd4 4. Nxd4 Nc6 5. Nc3 Qc7 6. Be3 a6 7. Qd2 Nf6 8.
O-O-O Bb4 9. f3 Ne7 10. Nde2 b5 11. Bf4 e5 12. Bg5 Bb7 13. Kb1 Ba5 14. Bxf6
gxf6 15. Qh6 Qb6 16. g3 b4 17. Na4 Qc6 18. b3 O-O-O 19. Qg7 Kb8 20. Qxf7 Rhe8
21. Nc1 f5 22. Bd3 Qg6 23. Qxg6 hxg6 24. Nc5 d5 25. Rhe1 Rd6 26. Bc4 Red8 27.
Nxb7 Kxb7 28. exd5 Nxd5 29. Bxd5+ Rxd5 30. Rxd5 Rxd5 31. Nd3 Bc7 32. Nxb4 Rd2
33. Nd3 Rxh2 34. Nxe5 Bxe5 35. Rxe5 Rg2 36. Re7+ Kb8 37. Re6 Rxg3 38. Rxa6 Kb7
39. Rf6 Rxf3 40. Rxg6 1-0

[Event "24. Int. Boeblinger Open"]
[Site "Boeblingen"]
[Date "2007.12.29"]
[Round "6.4"]
[White "Wigger, Jochen"]
[Black "Naumann, Alexander"]
[Result "1/2-1/2"]
[WhiteElo "2297"]
[BlackElo "2548"]
[PlyCount "37"]
[EventDate "2007.??.??"]

1. d4 Nf6 2. Bg5 e6 3. e4 c5 4. e5 h6 5. Bc1 Nd5 6. c4 Ne7 7. d5 d6 8. exd6 Nf5
9. Bd3 Bxd6 10. Bxf5 exf5 11. Ne2 Qh4 12. Qd3 Nd7 13. b3 Ne5 14. Qc3 O-O 15.
Bb2 f4 16. Nd2 Bf5 17. O-O Qg4 18. f3 Qg5 19. Ne4 1/2-1/2

[Event "24. Int. Boeblinger Open"]
[Site "Boeblingen"]
[Date "2007.12.29"]
[Round "6.5"]
[White "Luther, Thomas"]
[Black "Cieza Vega, Arcadio"]
[Result "1-0"]
[WhiteElo "2534"]
[BlackElo "2294"]
[PlyCount "89"]
[EventDate "2007.??.??"]

1. e4 d6 2. d4 Nf6 3. Nc3 c6 4. Nf3 Bg4 5. Be3 Qa5 6. h3 Bh5 7. Qd2 b5 8. Ne2
Qxd2+ 9. Nxd2 e5 10. f3 Nfd7 11. a4 b4 12. dxe5 dxe5 13. Ng3 Bg6 14. Nc4 f6 15.
O-O-O Bc5 16. Nd6+ Bxd6 17. Rxd6 Ke7 18. Rd2 a5 19. Bc4 Na6 20. Bxa6 Rxa6 21.
Rhd1 Rd8 22. Bc5+ Nxc5 23. Rxd8 b3 24. h4 bxc2 25. Kxc2 h5 26. Nf5+ Bxf5 27.
exf5 Ra7 28. Rg8 Kf7 29. Rdd8 Rb7 30. Rdf8+ Ke7 31. Rb8 Rxb8 32. Rxb8 e4 33.
fxe4 Nxe4 34. Rb7+ Kd6 35. Rxg7 Ke5 36. g4 Ng3 37. b4 hxg4 38. bxa5 Nxf5 39.
Rg8 Kf4 40. a6 g3 41. a7 Ne3+ 42. Kd3 Ng4 43. a8=Q f5 44. Ke2 g2 45. Rxg4+ 1-0

[Event "24. Int. Boeblinger Open"]
[Site "Boeblingen"]
[Date "2007.12.29"]
[Round "6.6"]
[White "Wirig, Anthony"]
[Black "Hirneise, Tobias"]
[Result "1-0"]
[WhiteElo "2467"]
[BlackElo "2287"]
[PlyCount "69"]
[EventDate "2007.??.??"]

1. e4 c5 2. Nf3 Nc6 3. d4 cxd4 4. Nxd4 Nf6 5. Nc3 d6 6. Bg5 e6 7. Qd2 a6 8.
O-O-O Bd7 9. f4 h6 10. Bh4 g5 11. fxg5 Ng4 12. Nxc6 Bxc6 13. Be2 Ne5 14. g3 Ng6
15. Kb1 Be7 16. gxh6 Nxh4 17. gxh4 Qa5 18. Rdf1 Qe5 19. Rhg1 Bf8 20. Qg5 Bxh6
21. Qh5 O-O-O 22. Qxe5 dxe5 23. Rxf7 Bf4 24. Bg4 Rd6 25. h3 Rxh4 26. Nd5 Kb8
27. Nxf4 exf4 28. Rxf4 Rd4 29. Re1 e5 30. Rf5 Bxe4 31. Rxe5 Bg2 32. R5e3 Rd2
33. b3 Rf2 34. Kb2 Bc6 35. R1e2 1-0

[Event "24. Int. Boeblinger Open"]
[Site "Boeblingen"]
[Date "2007.12.29"]
[Round "6.7"]
[White "Kapic, Ibrahim"]
[Black "Schmittdiel, Eckhard"]
[Result "0-1"]
[WhiteElo "2237"]
[BlackElo "2423"]
[PlyCount "56"]
[EventDate "2007.??.??"]

1. e4 c5 2. Nf3 Nc6 3. c3 e6 4. d4 d5 5. exd5 exd5 6. Be3 c4 7. b3 cxb3 8. axb3
Bd6 9. Bd3 Nge7 10. Qc2 Bg4 11. Nbd2 Qd7 12. h3 Bf5 13. Nh4 Bxd3 14. Qxd3 h6
15. f4 g5 16. fxg5 hxg5 17. Nhf3 g4 18. Ng1 Nf5 19. O-O-O Ng3 20. Rh2 O-O-O 21.
Rf1 Nxf1 22. Nxf1 Bxh2 23. Nxh2 gxh3 24. Nxh3 Rxh3 25. gxh3 Qxh3 26. Nf1 Rg8
27. Kb2 Rg1 28. Nd2 Re1 0-1

[Event "24. Int. Boeblinger Open"]
[Site "Boeblingen"]
[Date "2007.12.29"]
[Round "6.8"]
[White "Rojas, Luis"]
[Black "Rezasade, Amir"]
[Result "1/2-1/2"]
[WhiteElo "2414"]
[BlackElo "2231"]
[PlyCount "41"]
[EventDate "2007.??.??"]

1. e4 c5 2. Nf3 d6 3. d4 cxd4 4. Nxd4 Nf6 5. Nc3 a6 6. Bc4 e6 7. Bb3 b5 8. O-O
Be7 9. Qf3 Qb6 10. Be3 Qb7 11. Qg3 b4 12. Na4 Nbd7 13. f3 O-O 14. Kh1 Kh8 15.
Rae1 Rb8 16. Bg1 Qa8 17. Re3 a5 18. Rfe1 Ne5 19. Qh3 Ng6 20. Qg3 Ne5 21. Qh3
1/2-1/2

[Event "24. Int. Boeblinger Open"]
[Site "Boeblingen"]
[Date "2007.12.29"]
[Round "6.9"]
[White "Klein, Joachim"]
[Black "Drabke, Lorenz Maximilian"]
[Result "0-1"]
[WhiteElo "2233"]
[BlackElo "2411"]
[PlyCount "56"]
[EventDate "2007.??.??"]

1. e4 c5 2. Nf3 e6 3. Nc3 a6 4. d4 cxd4 5. Nxd4 Qc7 6. g3 Bb4 7. Nde2 Nf6 8.
Bg2 Be7 9. O-O Nc6 10. h3 O-O 11. a4 Rd8 12. Be3 b6 13. f4 Bb7 14. Qe1 d5 15.
exd5 Nb4 16. Qf2 Nfxd5 17. Nxd5 Nxd5 18. Bxd5 Rxd5 19. Nc3 Rd6 20. Rfd1 Qc6 21.
Kf1 Rxd1+ 22. Rxd1 b5 23. Ne2 bxa4 24. g4 a5 25. g5 Qxc2 26. Rd7 Qb1+ 27. Qe1
Bg2+ 28. Kf2 Qxe1+ 0-1

[Event "24. Int. Boeblinger Open"]
[Site "Boeblingen"]
[Date "2007.12.29"]
[Round "6.10"]
[White "Wilke, Werner"]
[Black "Rombaldoni, Axel"]
[Result "0-1"]
[WhiteElo "2210"]
[BlackElo "2399"]
[PlyCount "80"]
[EventDate "2007.??.??"]

1. e4 c5 2. Nf3 Nc6 3. c3 Nf6 4. e5 Nd5 5. d4 cxd4 6. Bc4 Nb6 7. Bb3 d5 8. exd6
Qxd6 9. O-O g6 10. Ng5 e6 11. Qf3 Qe7 12. Qg3 Bg7 13. Bf4 h6 14. Nf3 Qd7 15.
Rd1 O-O 16. cxd4 Nd5 17. Ne5 Nxf4 18. Qxf4 Nxe5 19. dxe5 Qc7 20. Rd6 Qc5 21.
Qd2 Bxe5 22. Rd3 Bg7 23. Nc3 b6 24. Rd1 Bb7 25. Rd7 Bc6 26. Rd6 Rac8 27. Rc1
Be5 28. Rd3 Bb5 29. Rf3 Bg7 30. Rd1 Bc6 31. Rd3 b5 32. Ne2 Qe5 33. Nd4 Ba8 34.
Qa5 Qg5 35. Rg3 Qc5 36. Rc3 Qh5 37. Rh3 Qg4 38. Rg3 Qe4 39. Nxb5 Be5 40. Re1
Rc1 0-1

[Event "24. Int. Boeblinger Open"]
[Site "Boeblingen"]
[Date "2007.12.29"]
[Round "6.11"]
[White "Schaefer, Markus"]
[Black "Graf, Felix"]
[Result "1/2-1/2"]
[WhiteElo "2395"]
[BlackElo "2241"]
[PlyCount "76"]
[EventDate "2007.??.??"]

1. e4 e6 2. d4 d5 3. Nd2 Nf6 4. e5 Nfd7 5. Bd3 c5 6. c3 Nc6 7. Ne2 Qb6 8. Nf3
cxd4 9. cxd4 f6 10. exf6 Nxf6 11. O-O Bd6 12. Bf4 Bxf4 13. Nxf4 O-O 14. Qd2 Qc7
15. g3 g5 16. Nxg5 Nxd4 17. Ne2 Nxe2+ 18. Bxe2 e5 19. Bf3 e4 20. Bg2 Qb6 21.
Kh1 Bf5 22. Rad1 Rad8 23. Qd4 Qxd4 24. Rxd4 Ng4 25. Nh3 e3 26. Rxd5 exf2 27.
Rxd8 Rxd8 28. Nxf2 Ne3 29. Re1 Nxg2 30. Kxg2 Rd2 31. Kf3 Rxb2 32. Re2 Rb4 33.
a3 Ra4 34. Re3 Kf7 35. g4 Bd7 36. h3 b5 37. Nd3 Kf6 38. Nc5 Rd4 1/2-1/2

[Event "24. Int. Boeblinger Open"]
[Site "Boeblingen"]
[Date "2007.12.29"]
[Round "6.14"]
[White "Probst, Alexander"]
[Black "Boehm, Martin"]
[Result "0-1"]
[WhiteElo "2145"]
[BlackElo "2290"]
[PlyCount "42"]
[EventDate "2007.??.??"]

1. e4 c5 2. Nf3 d6 3. Bb5+ Nc6 4. c3 a6 5. Ba4 Nf6 6. e5 dxe5 7. Bxc6+ bxc6 8.
Nxe5 Qd5 9. d4 Qxg2 10. Qf3 Qxf3 11. Nxf3 cxd4 12. Nxd4 e5 13. Nb3 a5 14. Be3
a4 15. Nc5 Ng4 16. Nd3 Bf5 17. Ke2 Rd8 18. Nc1 Nxe3 19. fxe3 Be7 20. Nd2 Bg4+
21. Ke1 Bh4+ 0-1

[Event "24. Int. Boeblinger Open"]
[Site "Boeblingen"]
[Date "2007.12.29"]
[Round "6.15"]
[White "Koppenhoefer, Bernhard"]
[Black "Hitzler, Philipp"]
[Result "0-1"]
[WhiteElo "2141"]
[BlackElo "2278"]
[PlyCount "70"]
[EventDate "2007.??.??"]

1. e3 d5 2. c4 c6 3. Nf3 Nf6 4. Nc3 a6 5. b3 Bg4 6. Be2 e6 7. Bb2 Nbd7 8. cxd5
exd5 9. h3 Bh5 10. Nd4 Bxe2 11. Qxe2 Bc5 12. Nf5 g6 13. Nh6 Bf8 14. Ng4 Bg7 15.
Nxf6+ Bxf6 16. O-O O-O 17. Rab1 Qe7 18. Rfc1 Rae8 19. Na4 Bxb2 20. Rxb2 f5 21.
Rbc2 f4 22. Nc5 f3 23. Qf1 fxg2 24. Qxg2 Rf5 25. f4 Nxc5 26. Rxc5 Kh8 27. Kh2
g5 28. Qg4 Ref8 29. R5c3 gxf4 30. Rf1 Qe5 31. d4 Qf6 32. a4 Rg8 33. Qe2 f3 34.
Qd3 Rg2+ 35. Kh1 Qd6 0-1

[Event "24. Int. Boeblinger Open"]
[Site "Boeblingen"]
[Date "2007.12.29"]
[Round "6.16"]
[White "Frick, Christoph"]
[Black "Rombach, Michael"]
[Result "1-0"]
[WhiteElo "2265"]
[BlackElo "2120"]
[PlyCount "65"]
[EventDate "2007.??.??"]

1. e4 c5 2. Nc3 g6 3. g3 Bg7 4. Bg2 Nc6 5. d3 d6 6. Nh3 e5 7. f4 Nge7 8. O-O
O-O 9. f5 gxf5 10. exf5 Bxf5 11. Rxf5 Nxf5 12. Be4 Nfd4 13. Qh5 f5 14. Bd5+ Kh8
15. Ng5 Bh6 16. Qxh6 Qe7 17. Qh5 Nd8 18. Bd2 Rb8 19. Rf1 Qg7 20. Nce4 Qg6 21.
Qxg6 hxg6 22. Nxd6 Kg7 23. c3 N4c6 24. Re1 Rh8 25. Nf3 Ne7 26. Bb3 Nc8 27. Nxc8
Rxc8 28. Rxe5 Nc6 29. Rxc5 Rcd8 30. d4 Rhe8 31. Kf2 Rd7 32. Bf4 Rde7 33. Bc4
1-0

[Event "24. Int. Boeblinger Open"]
[Site "Boeblingen"]
[Date "2007.12.29"]
[Round "6.17"]
[White "Jelica, Mara"]
[Black "Remmler, Hans-Peter"]
[Result "1-0"]
[WhiteElo "2175"]
[BlackElo "2256"]
[PlyCount "75"]
[EventDate "2007.??.??"]

1. e4 e5 2. Nf3 Nc6 3. d4 exd4 4. Nxd4 Bc5 5. Nb3 Bb6 6. Nc3 Nf6 7. Bd3 d6 8.
Qe2 Ne5 9. Bg5 h6 10. Bxf6 Qxf6 11. Nd5 Nxd3+ 12. cxd3 Qg5 13. f4 Qg4 14. Qxg4
Bxg4 15. f5 f6 16. Nf4 g5 17. fxg6 O-O 18. h3 Bd7 19. g4 Rae8 20. Kd2 a5 21.
Raf1 a4 22. Nc1 Bd4 23. Kc2 Kg7 24. Nce2 Be5 25. Rhg1 c5 26. h4 Bc6 27. h5 c4
28. Ng3 cxd3+ 29. Kxd3 Bd7 30. Nf5+ Bxf5 31. gxf5 Bxb2 32. Ne6+ Rxe6 33. fxe6
Re8 34. Rg2 a3 35. Rc2 Rxe6 36. Rc7+ Kg8 37. Rxb7 Re5 38. Rf5 1-0

[Event "24. Int. Boeblinger Open"]
[Site "Boeblingen"]
[Date "2007.12.29"]
[Round "6.19"]
[White "Penzel, Frank"]
[Black "Strunski, Andreas"]
[Result "1/2-1/2"]
[WhiteElo "2140"]
[BlackElo "2238"]
[PlyCount "55"]
[EventDate "2007.??.??"]

1. e4 c5 2. Nf3 e6 3. c3 Nf6 4. e5 Nd5 5. d4 cxd4 6. cxd4 d6 7. Bb5+ Nd7 8. O-O
a6 9. Bc4 N5b6 10. Bb3 dxe5 11. dxe5 Be7 12. Nc3 O-O 13. Ne4 Nc5 14. Nxc5 Bxc5
15. Qc2 Nd7 16. Ng5 g6 17. Nxe6 fxe6 18. Bxe6+ Kg7 19. Bxd7 Bxd7 20. Qxc5 Bb5
21. Re1 Rc8 22. Qe3 Rc2 23. f3 Qh4 24. Bd2 Rd8 25. Bc3 Rd3 26. e6+ Kg8 27. Qc5
Rxf3 28. e7 1/2-1/2

[Event "24. Int. Boeblinger Open"]
[Site "Boeblingen"]
[Date "2007.12.29"]
[Round "6.22"]
[White "Bogenschuetze, Paul jr"]
[Black "Scherer, Frank"]
[Result "1-0"]
[WhiteElo "2074"]
[BlackElo "2192"]
[PlyCount "69"]
[EventDate "2007.??.??"]

1. e4 c6 2. d4 d5 3. Nc3 dxe4 4. Nxe4 Bf5 5. Ng3 Bg6 6. h4 h6 7. Nf3 Nd7 8. h5
Bh7 9. Bd3 Bxd3 10. Qxd3 e6 11. Bd2 Ngf6 12. Ne4 Nxe4 13. Qxe4 Nf6 14. Qe2 Be7
15. c3 O-O 16. g4 Qd5 17. g5 hxg5 18. Bxg5 Rfe8 19. Rh4 Nd7 20. Rg4 Kh8 21.
Bxe7 Rxe7 22. O-O-O Qxa2 23. Rdg1 f5 24. Rg6 Nb6 25. Ne5 Na4 26. Qc2 Qa1+ 27.
Kd2 Qxb2 28. Qxb2 Nxb2 29. h6 b5 30. hxg7+ Kg8 31. Rh6 Rxg7 32. Rgh1 Nc4+ 33.
Nxc4 Kf7 34. Ne5+ Ke7 35. Rh7 1-0

[Event "24. Int. Boeblinger Open"]
[Site "Boeblingen"]
[Date "2007.12.29"]
[Round "6.24"]
[White "Schmitz, Thorsten"]
[Black "Dieckmann, Daniel"]
[Result "1-0"]
[WhiteElo "2256"]
[BlackElo "1990"]
[PlyCount "63"]
[EventDate "2007.??.??"]

1. Nf3 d5 2. g3 Nf6 3. Bg2 c6 4. O-O e6 5. d3 Bd6 6. Nbd2 O-O 7. e4 dxe4 8.
dxe4 e5 9. b3 Bc7 10. Bb2 Bg4 11. Qe2 Qe7 12. Nc4 b5 13. Ne3 Bxf3 14. Qxf3 Nbd7
15. Nf5 Qc5 16. Rad1 Qxc2 17. Rxd7 Nxd7 18. Qg4 g6 19. Ne7+ Kg7 20. Qxd7 Qxb2
21. Qxc7 Rfe8 22. Qxc6 Rad8 23. Nd5 Re6 24. Qxb5 Qxa2 25. Rc1 Qb2 26. Qc4 Rb8
27. b4 Ra6 28. Qxa6 Qxc1+ 29. Bf1 Qg5 30. Qxa7 Rc8 31. Qe3 Qd8 32. b5 1-0

[Event "24. Int. Boeblinger Open"]
[Site "Boeblingen"]
[Date "2007.12.28"]
[Round "5.2"]
[White "Dausch, Rene"]
[Black "Rojas, Luis"]
[Result "1-0"]
[WhiteElo "2351"]
[BlackElo "2414"]
[PlyCount "81"]
[EventDate "2007.??.??"]

1. d4 d5 2. Nf3 c6 3. c4 dxc4 4. e3 b5 5. a4 e6 6. b3 a5 7. bxc4 bxc4 8. Bxc4
Bb4+ 9. Bd2 Nd7 10. O-O Ngf6 11. Bxb4 axb4 12. Qb3 Rb8 13. Nbd2 O-O 14. a5 c5
15. a6 Qb6 16. Ra4 Qa7 17. Rfa1 Nb6 18. Ra5 cxd4 19. Nxd4 Nxc4 20. Nxc4 Bd7 21.
Ne5 Rfc8 22. Nxd7 Nxd7 23. h3 Nc5 24. Qb2 b3 25. Nb5 Qb6 26. a7 Ra8 27. Nd4 h6
28. Rb5 Qc7 29. Qa3 g6 30. Nxb3 Nxb3 31. Rxb3 Rd8 32. Qa5 Qd7 33. Qa6 Kg7 34.
Rb7 Qd5 35. Rc1 Rd6 36. Qa1+ e5 37. Rcc7 Rf6 38. Rd7 Qe4 39. Qa2 Qf5 40. Re7
Rd8 41. Rb8 1-0

[Event "24. Int. Boeblinger Open"]
[Site "Boeblingen"]
[Date "2007.12.28"]
[Round "5.3"]
[White "Drabke, Lorenz Maximilian"]
[Black "Gharamian, Tigran"]
[Result "1/2-1/2"]
[WhiteElo "2411"]
[BlackElo "2557"]
[PlyCount "72"]
[EventDate "2007.??.??"]

1. e4 c5 2. Nf3 d6 3. Bb5+ Bd7 4. Bxd7+ Nxd7 5. O-O Ngf6 6. Qe2 Rc8 7. b3 g6 8.
Bb2 Bg7 9. c4 O-O 10. d4 cxd4 11. Nxd4 a6 12. Nc3 e6 13. Rfd1 Qc7 14. Nf3 Rfe8
15. Rac1 Bh6 16. Rb1 Bg7 17. Rbc1 Bh6 18. Rb1 Qb8 19. Bc1 Bf8 20. Bb2 Bg7 21.
Rbc1 d5 22. cxd5 exd5 23. Nxd5 Rxc1 24. Nxf6+ Nxf6 25. Rxc1 Rxe4 26. Qd3 Re8
27. h3 h6 28. g3 Rd8 29. Qc4 Qd6 30. Kg2 Re8 31. Rc2 Nh5 32. Bxg7 Nxg7 33. Rd2
Qe7 34. Qf4 Kh7 35. Rc2 Ne6 36. Qe5 Ng5 1/2-1/2

[Event "24. Int. Boeblinger Open"]
[Site "Boeblingen"]
[Date "2007.12.28"]
[Round "5.4"]
[White "Hirneise, Tobias"]
[Black "Luther, Thomas"]
[Result "1/2-1/2"]
[WhiteElo "2287"]
[BlackElo "2534"]
[PlyCount "79"]
[EventDate "2007.??.??"]

1. e4 e6 2. d4 d5 3. Nc3 Nf6 4. Bg5 dxe4 5. Nxe4 Nbd7 6. Nxf6+ Nxf6 7. Nf3 c5
8. Bc4 a6 9. a4 cxd4 10. O-O Be7 11. Qe2 h6 12. Bf4 O-O 13. Rfd1 Bd7 14. Rxd4
b5 15. Bb3 Qb6 16. a5 Qa7 17. c3 Rfd8 18. Rad1 Be8 19. Ba2 Rxd4 20. Rxd4 Bc5
21. Rd1 b4 22. Be5 bxc3 23. Bxc3 Bb5 24. Qe1 Ng4 25. Bd4 Bc6 26. b4 Bxd4 27.
Nxd4 Ba4 28. Bb3 Bxb3 29. Nxb3 Qc7 30. g3 Qc4 31. Rd4 Qxb3 32. Rxg4 Rd8 33. Qe2
h5 34. Rf4 Rd1+ 35. Kg2 Qd5+ 36. Qe4 g5 37. Qxd5 Rxd5 38. Rc4 g4 39. Rc6 Rd4
40. Rxa6 1/2-1/2